Boeing (VARIANTS INCLUDED) - Statistics

General Stats
  • This quiz has been taken 52 times
  • The average score is 25 of 165
Answer Stats
Hint Answer % Correct
N/A Boeing 7
97%
N/A Boeing 737-200
64%
N/A Boeing 737-500
64%
N/A Boeing 737-100
61%
N/A Boeing 737-300
61%
N/A Boeing 737-400
61%
N/A Boeing 747-100
61%
N/A Boeing 747-400
61%
N/A Boeing 747-200
58%
N/A Boeing 737-600
55%
N/A Boeing 737-800
55%
N/A Boeing 737-900
55%
N/A Boeing 747-300
55%
N/A Boeing 777-200
55%
N/A Boeing 777-200ER
55%
N/A Boeing 777-300
55%
N/A Boeing 777-300ER
55%
N/A Boeing 737-700
52%
N/A Boeing 747-8
52%
N/A Boeing 757-200
52%
N/A Boeing 767-200
52%
N/A Boeing 767-300
52%
N/A Boeing 787-10
52%
N/A Boeing 787-8
52%
N/A Boeing 787-9
52%
N/A Boeing 1
48%
N/A Boeing 737-MAX
48%
N/A Boeing 757-300
48%
N/A Boeing 8
48%
N/A Boeing 6
45%
N/A Boeing 727-100
45%
N/A Boeing 727-200
45%
N/A Boeing 767-400ER
45%
N/A Boeing 777-200LR
45%
N/A Boeing 737-900ER
42%
N/A Boeing 767-200ER
42%
N/A Boeing 767-300ER
42%
N/A Boeing 717-200
39%
N/A Boeing 737-200ADV/C
33%
N/A Boeing 720
24%
N/A Boeing 747-SP
24%
N/A Boeing 777-9X
24%
N/A Boeing 777-F
24%
N/A Boeing 747-100B
21%
N/A Boeing 707-320
18%
N/A Boeing 717-100
18%
N/A Boeing 767-300F
18%
N/A Boeing 777-8X
18%
N/A Boeing 707-220
15%
N/A Boeing 707-420
15%
N/A Boeing 707-120
12%
N/A Boeing 707-320C
12%
N/A Boeing 727-100C
12%
N/A Boeing 747-Dreamlifter
12%
N/A Boeing 747-SR
12%
N/A Boeing 200 Monomail
9%
N/A Boeing 707-320B
9%
N/A Boeing 727-200C
9%
N/A Boeing 737-800NG
9%
N/A Boeing 737-BBJ
9%
N/A Boeing 221 Monomail
6%
N/A Boeing 314 Clipper
6%
N/A Boeing 377 Stratocruiser
6%
N/A Boeing 40
6%
N/A Boeing 64
6%
N/A Boeing 707-700
6%
N/A Boeing 720-B
6%
N/A Boeing 727-100QC
6%
N/A Boeing 727-200 Advanced
6%
N/A Boeing 757-200M/CB
6%
N/A Boeing 80
6%
N/A Boeing KC-135
6%
N/A AH-64 Apache
3%
N/A Boeing 247
3%
N/A Boeing 307 Stratoliner
3%
N/A Boeing 367-80
3%
N/A Boeing 6D
3%
N/A Boeing 707-020
3%
N/A Boeing 727-100QF
3%
N/A Boeing 727-200F Advanced
3%
N/A Boeing 757-200PF
3%
N/A Boeing 757-200SF/PCF
3%
N/A Boeing 777-BBJ
3%
N/A Boeing 787-BBJ
3%
N/A Boeing 81
3%
N/A Boeing 95
3%
N/A Boeing B-17
3%
N/A Boeing B-52
3%
N/A Boeing C-22A
3%
N/A Boeing RC-135
3%
N/A International Space Station
3%
N/A KC-46
3%
N/A VC-25
3%
N/A AH-6 Little-bird
0%
N/A B-1B Lancer
0%
N/A B-29
0%
N/A B-52 Bomber
0%
N/A Boeing 203
0%
N/A Boeing 204
0%
N/A Boeing 717-100 Lite
0%
N/A Boeing 717-300X
0%
N/A Boeing 717-BE
0%
N/A Boeing 737-C40
0%
N/A Boeing AV-8B Harrier 2
0%
N/A Boeing B-47 Stratojet
0%
N/A Boeing B-50
0%
N/A Boeing B-54
0%
N/A Boeing Bird of Prey
0%
N/A Boeing C-135
0%
N/A Boeing C-22B
0%
N/A Boeing C-32
0%
N/A Boeing C-97
0%
N/A Boeing CF-18 Hornet
0%
N/A Boeing CH-46
0%
N/A Boeing E-3 Sentry
0%
N/A Boeing E-6 Mercury
0%
N/A Boeing F2B
0%
N/A Boeing F4B
0%
N/A Boeing KC-10 Extender
0%
N/A Boeing KC-97
0%
N/A Boeing L-15
0%
N/A Boeing MD-11
0%
N/A Boeing Model 2707
0%
N/A Boeing OV-103
0%
N/A Boeing P-26
0%
N/A Boeing PW-9
0%
N/A Boeing RB-29
0%
N/A Boeing RQ-3 DarkStar
0%
N/A Boeing Skyfox
0%
N/A Boeing Stearman Kaydet
0%
N/A Boeing T-2 Buckeye
0%
N/A Boeing T-43
0%
N/A Boeing T-45 Goshawk
0%
N/A Boeing X-36
0%
N/A Boeing XAT-15
0%
N/A Boeing XB-15
0%
N/A Boeing XB-38
0%
N/A Boeing XB-39
0%
N/A Boeing XB-55
0%
N/A Boeing XB-59
0%
N/A Boeing XF8B
0%
N/A Boeing XP-8
0%
N/A Boeing YB-40
0%
N/A Boeing YB-9
0%
N/A Boeing YC-14
0%
N/A C-17 Globemaster 3
0%
N/A C-40 A
0%
N/A E-4B
0%
N/A E-767
0%
N/A EA-18G Growler
0%
N/A F-15EX
0%
N/A F/A-18 Super Hornet
0%
N/A H-47 Chinook
0%
N/A KC-46A Pegasus Tanker
0%
N/A KC-767
0%
N/A Leonardo C-27 Spartan
0%
N/A Lockheed AC-130U
0%
N/A MH-139A Grey Wolf
0%
N/A Mitsubishi F-15J
0%
N/A MQ-25
0%
N/A P-8
0%
N/A Saturn V
0%
N/A SCA
0%
N/A T-7A Red Hawk
0%
N/A V-22 Osprey
0%
No matching quizzes found
Score Distribution
Percent of People with Each Score
Percentile by Number Answered
Your Score History
You have not taken this quiz